Music Quiz

Random Music or Artist Quiz

50 Songs: Best Of British - Radio X (100-51) Quiz Stats

Quiz not verified by Sporcle

Also try: Song Word Clouds
Challenge
Share
Tweet
Embed
Score 0/50 Timer 10:00
0 Plays Today
Rank Artist % Correct
83Coldplay
94.9%
96Pink Floyd
93.8%
91The Rolling Stones
93.8%
99Sex Pistols
92%
80The Beatles
90.9%
73Oasis
90.9%
68The Clash
90.9%
71David Bowie
90.3%
74Coldplay
89.2%
77The Beatles
88.6%
90The Beatles
87.5%
100Muse
84.7%
69Coldplay
84.1%
88Motorhead
83%
56Adele
81.8%
57David Bowie
81.3%
75David Bowie
80.1%
72Oasis
79%
66Snow Patrol
79%
53Radiohead
78.4%
58The Kinks
75%
92Kaiser Chiefs
73.3%
82Pulp
68.8%
78Arctic Monkeys
68.8%
94Arctic Monkeys
68.2%
Rank Artist % Correct
98Oasis
67%
79The Beatles
65.9%
93The Jam
65.3%
70Arctic Monkeys
64.8%
61The Stone Roses
64.2%
89Oasis
63.1%
86Kasabian
63.1%
84Muse
62.5%
52Arctic Monkeys
60.8%
51Oasis
58%
65James
56.3%
64Manic Street Preachers
55.1%
62The Verve
55.1%
87The Undertones
54.5%
97Manic Street Preachers
52.3%
63Oasis
48.3%
85The Jam
47.2%
76The Stone Roses
46.6%
54The Stone Roses
45.5%
81Faithless
44.9%
55Arctic Monkeys
41.5%
67Ian Brown
37.5%
95Stereophonics
36.4%
59The Courteeners
33%
60Stereophonics
30.1%

You're not logged in!

Compare scores with friends on all Sporcle quizzes.
Sign Up with Email
OR
Log In

You Might Also Like...

Show Comments

Extras

Top Quizzes Today


Score Distribution

Your Account Isn't Verified!

In order to create a playlist on Sporcle, you need to verify the email address you used during registration. Go to your Sporcle Settings to finish the process.